| 000 | | | 05591nmc2a22002653x 450 |
| 001 | | | 9305dd84-af29-4044-b882-0fd56be07de5 |
| 005 | | | 20241210015032.0 |
| 100 | ## | $a | 20240910l17911791k l0rusy0189 ca |
| 101 | 0# | $a | rus |
| 102 | ## | $a | RU |
| 105 | ## | $a | y### |
| 122 | 2# | $a | d |
| 200 | 1# | $a | Полугодовые ведомости о состоянии училищ, полученные из Саратовского приказа, за вторую половину 1790 года |
| | $j | 27 марта - 23 апреля 1791 г. |
| 215 | ## | $a | 11 л. |
| | $d | 32,5х20 см |
| 251 | ## | $c | Дело |
| 300 | ## | $a | Генерал-поручик Илья Нефедьев; канцелярист Филипп Варфоломеев |
| 300 | ## | $a | Ориг. заголовок дела: Дело в Главное училищное правительство из Саратовского приказа общественного призрения. Представленная в этот приказ Саратовского главного народного училища от директора Острожского, сочиненная им за полугодичное время прошлого 1790 года, с 1 июля по 1 января этого года, о состоянии Главного народного училища ведомость. При этом в то Главное училищное правительство препровождается, с таким изъяснением, что этот приказ примечаниями своими находит учителей в должностях исправными, относительно же производимых о народных училищах дел, то их в производстве в 1790 году не было, кроме как только по представлению директора Острожского о покупке для народного училища книг, которые через посредство учрежденной об училищах Комиссии куплены и отданы в Саратовское главное народное училище под расписку помянутого директора Острожского. 27 марта 1791 г. - 23 апреля 1791 г |
| 371 | ## | $a | Документ не является опубликованным и широко распространяемым |
| 461 | #0 | $1 | 00174716ac7-ef0a-4ce9-889f-df06b5c6e13c |
| | $1 | 2001 |
| | $a | Комиссия об учреждении народных училищ |
| | $1 | 251 |
| | $c | Фонд |
| | $1 | 852 |
| | $j | 730 |
| 462 | #0 | $1 | 001e6616291-8022-4671-9001-59f853d67170 |
| | $1 | 2001 |
| | $a | Журналы заседаний и определения Комиссии; ведомости приказов общественного призрения о состоянии и бюджете училищ, учителях, успехах учеников |
| | $1 | 251 |
| | $c | Опись |
| | $1 | 852 |
| | $j | 2 |
| 517 | 1# | $a | Дело в Главное училищное правительство из Саратовского приказа общественного призрения. Представленная в этот приказ Саратовского главного народного училища от директора Острожского, сочиненная им за полугодичное время прошлого 1790 года, с 1 июля по 1 января этого года, о состоянии Главного народного училища ведомость. При этом в то Главное училищное правительство препровождается, с таким изъяснением, что этот приказ примечаниями своими находит учителей в должностях исправными, относительно же производимых о народных училищах дел, то их в производстве в 1790 году не было, кроме как только по представлению директора Острожского о покупке для народного училища книг, которые через посредство учрежденной об училищах Комиссии куплены и отданы в Саратовское главное народное училище под расписку помянутого директора Острожского. 27 марта 1791 г. - 23 апреля 1791 г |
| 801 | #0 | $a | RU |
| | $b | РГИА |
| | $c | 20240910 |
| | $g | RCR |
| 801 | #1 | $a | RU |
| | $b | ГлавНИВЦ |
| | $c | 20240910 |
| | $2 | rusmarc |
| 801 | #2 | $a | RU |
| | $b | ПБ им. Б.Н. Ельцина |
| | $c | 20241210 |
| | $g | RCR |
| | $2 | rusmarc |
| 850 | ## | $a | РГИА |
| 852 | ## | $a | РГИА |
| | $e | Федеральное казенное учреждение "Российский государственный исторический архив" (РГИА) |
| | $j | 1569 |
| 937 | ## | $h | РГИА |
| | $d | 12414736 |
| | $a | ASBIBLIO_SCAN |
| 035 | ## | $a | RusGRCC00080211 |
| 856 | ## | $u | http://readingroom.main.prlib.ru/item.aspx?id_node=n195216301&mode=full |